Normal view
MARC view
- Charles F. Kettering Foundation.
Entry Corporate Name
001 - CONTROL NUMBER
- control field: 26562
003 - CONTROL NUMBER IDENTIFIER
- control field: NUST
005 - DATE AND TIME OF LATEST TRANSACTION
- control field: 20191208163037.0
008 - FIXED-LENGTH DATA ELEMENTS
- fixed length control field: 191208|| aca||aabn | a|a d
040 ## - CATALOGING SOURCE
- Original cataloging agency: NUST
- Transcribing agency: NUST
110 ## - HEADING--CORPORATE NAME
- Corporate name or jurisdiction name as entry element: Charles F. Kettering Foundation.
670 ## - SOURCE DATA FOUND
- Source citation: Work cat.: (NUST)0: Higher education exchange., c1994-
